00617nam a2200169Ia 4500008004100000020001500041041001200056082001600068100001700084245009500101260003300196300000800229650002100237942000700258999001500265952016700280221030s9999 xx 000 0 und d a817544181X aEnglish a105.23bNag aD. P. Nagpal 0aQuick Course in Microsoft Foxpro Version 2.6 for Windows ( DEPARTMENTAL )cby D. P. Nagpal bWheeler PubaNew Delhic1999 a248 aCSE Departmental cBK c5824d5824 pBE 1470g120.00l0o105.23 Nagr2024-06-13 00:00:00w2022-10-30yBK003Print4070aMIETLIBbMIETLIBcBL-Departmental, FL-1, CUP-48, SH-4, R-4d2000-05-0610HBE